000 00449nam a2200181Ia 4500
001 18042
005 20260306171601.0
008 260306s9999||||xx |||||||||||||| ||und||
041 _aESP
082 _a658.4
_bA156
100 _aAmo Baraybar, Francisco
_eAUT
245 0 _aEl cuadro de mando integral:
_bbalanced scorecard
260 _c2010
300 _a81 páginas :
_c30 cm.
650 _aGEN
654 _aCAN
942 _cLIB
_dJUS
_fJUS
_2ddc
_n
999 _c18042
_d18042